• 首页
  • 本馆介绍
  • 公告通知
  • 最新文献
  • 馆藏检索
  • 电子资源
  • 读者导购
  • 参考咨询
  • 我的图书馆
  • 登录
  • 详细信息显示
  • 放入我的书架
  • 预约/预借图书
  • 作者相关作品
  • 分类相关作品
  • 丛书相关作品
  • 出版社相关作品

书目信息

  • 表格格式
  • 工作单格式
  • 卡片格式
题名:
反恐新论
    
 
作者: 杨晖 著
分册:  
出版信息: 北京   世界知识出版社  2005
页数: 16,287页
开本: 23cm
丛书名:
单 册:
中图分类: D815.5
科图分类:
主题词: 恐怖主义--研究--世界 , 恐怖主义 , 反恐怖活动 , 反恐怖活动--研究--世界 , 国际关系
电子资源:
ISBN: 7-5012-2688-1
000 00884nam0 2200265 450
001 010700016969
005 20061117093548.53
010    @a7-5012-2688-1@dCNY36.00
100    @a20060218d2005 em y0chiy0110 ea
101 0  @achi
102    @aCN@b110000
105    @ay z 000yy
200 1  @a反恐新论@9fan kong xin lun@f杨晖著
210    @a北京@c世界知识出版社@d2005
215    @a16,287页@d23cm
330    @a本书分四大部分。内容包括:重点分析“9·11”事件后国际恐怖主义与反恐斗争对当今国际关系格局、大国关系、地区局势及世界形势的影响,对俄美两国反恐怖作战的经验教训进行比较分析,中国政府在反恐问题上的政策与做法。
606 0  @a恐怖主义@x研究@y世界
606 0  @a恐怖主义
606 0  @a反恐怖活动
606 0  @a反恐怖活动@x研究@y世界
606 0  @a国际关系
690    @aD815.5@v4
701  0 @a杨晖@9yang hui@4著
801  0 @aCN@bRENTIAN@c20061117
905    @a10447@dD815.5@e78
    
    反恐新论/杨晖著.-北京:世界知识出版社,2005
    16,287页;23cm
    
    
    ISBN 7-5012-2688-1:CNY36.00
    本书分四大部分。内容包括:重点分析“9·11”事件后国际恐怖主义与反恐斗争对当今国际关系格局、大国关系、地区局势及世界形势的影响,对俄美两国反恐怖作战的经验教训进行比较分析,中国政府在反恐问题上的政策与做法。
●
相关链接 在E读中查询图书 在五车中查询图书 在当当中查询图书 在豆瓣中查询图书


正题名:反恐新论     索取号:D815.5/78         预约/预借

序号 登录号 条形码 馆藏地/架位号 状态 备注
1 0389528   203895286   第一样本阅览室/ [索取号:D815.5/78] 在馆    
2 0389529   203895295   第一借阅区/ [索取号:D815.5/78] 在馆    
3 0389530   203895302   第一借阅区/ [索取号:D815.5/78] 在馆    
4 0389531   203895311   第一借阅区/ [索取号:D815.5/78] 在馆    
5 0389532   203895320   第一借阅区/ [索取号:D815.5/78] 在馆    
唐山师范学院图书馆 欢迎您!
大连网信软件有限公司© 版权所有